Paroles : Avant toi Vitaa et Slimane - Statistiques

Statistiques générales
  • Ce quiz a été pris 1 098 fois
  • Le résultat moyen est 211 sur 258
Statistiques - réponses
Réponse % Correct
Avant
98%
le
98%
pas
98%
toi
98%
Je
97%
mon
96%
ne
96%
m'a
95%
rien
95%
chemin
94%
On
93%
les
92%
Y
92%
y
92%
n'avais
91%
montré
90%
sais
90%
la
86%
avait
85%
sur
85%
Tu
85%
tu
85%
âme
83%
Ciel
83%
m'en
83%
posé
83%
yeux
83%
D'avoir
82%
soeur
82%
veut
82%
mais
80%
de
78%
mots
75%
chanson
73%
monde
73%
rond
73%
J'avais
71%
vie
70%
c'est
67%
passion
63%
d'couleur
61%
dit
61%
l'amour
61%
d'image
60%
oui
60%
Oui
60%
tournait
59%
c'était
58%
écrit
58%
d'histoire
57%
sourire
53%
Aucun
50%
toutes
49%
façons
47%
fêtes
46%
l'coeur
46%
ici
43%
rire
43%
seule
43%
J'étais
42%
d'raison
35%
d'maison
34%
d'pleurs
34%
l'bonheur
31%
Ooh ooh
3%
Aucun quiz correspondant
Distribution des résultats
% des personnes avec chaque résultat
Percentile par nombre de réponses
Votre historique - résultats
Vous n’avez pas pris ce quiz